| 000 | 00366nam a2200121Ia 4500 | ||
|---|---|---|---|
| 008 | 231129s9999||||xx |||||||||||||| ||spa|| | ||
| 020 | _a968-422-268-8 (obra | ||
| 040 | _bspa | ||
| 082 | _aR 636 G195 | ||
| 245 | 0 | _aGanaderia : Guia para la reproduccion nutricion cria y mejora del ganado | |
| 264 | _aMcGraw-Hill. | ||
| 942 |
_2ddc _cBKS |
||
| 999 |
_c14340 _d14340 |
||